<?xml version="1.0" encoding="UTF-8"?>
<record
    xmlns:xsi="http://www.w3.org/2001/XMLSchema-instance"
    xsi:schemaLocation="http://www.loc.gov/MARC21/slim http://www.loc.gov/standards/marcxml/schema/MARC21slim.xsd"
    xmlns="http://www.loc.gov/MARC21/slim">

  <leader>02069nam a2200349 u 4500</leader>
  <controlfield tag="001">1283258</controlfield>
  <controlfield tag="005">20260508074838.0</controlfield>
  <controlfield tag="007">co|||||||</controlfield>
  <controlfield tag="008">120517s2010                        spa  </controlfield>
  <datafield tag="035" ind1=" " ind2=" ">
    <subfield code="a">1283258</subfield>
  </datafield>
  <datafield tag="040" ind1=" " ind2=" ">
    <subfield code="c">comduadb</subfield>
  </datafield>
  <datafield tag="041" ind1=" " ind2=" ">
    <subfield code="a">spa</subfield>
  </datafield>
  <datafield tag="082" ind1=" " ind2="4">
    <subfield code="a">301</subfield>
  </datafield>
  <datafield tag="100" ind1="1" ind2="0">
    <subfield code="a">C&#xE9;spedes Calle, Sandra Cecilia</subfield>
    <subfield code="4">aut</subfield>
    <subfield code="e">aut</subfield>
    <subfield code="9">640023</subfield>
  </datafield>
  <datafield tag="245" ind1="1" ind2="0">
    <subfield code="a">Bases para la pol&#xED;tica de comunicaci&#xF3;n al servicio de la extensi&#xF3;n de la universidad de Antioquia</subfield>
  </datafield>
  <datafield tag="260" ind1=" " ind2=" ">
    <subfield code="a">Medell&#xED;n :</subfield>
    <subfield code="b">[sin publicador],</subfield>
    <subfield code="c">2010.</subfield>
  </datafield>
  <datafield tag="300" ind1=" " ind2=" ">
    <subfield code="a">1 CD-ROM</subfield>
  </datafield>
  <datafield tag="520" ind1="3" ind2=" ">
    <subfield code="a">Este trabajo de Grado se propuso con el fin de indagar sobre el estado de los procesos de comunicaci&#xF3;n para la Extensi&#xF3;n dentro de la Universidad de Antioquia; para ello se realiz&#xF3; un diagn&#xF3;stico de comunicaci&#xF3;n y con los resultados obtenidos se propusieron las bases para la pol&#xED;tica de comunicaci&#xF3;n para la Extensi&#xF3;n en la Universidad. El problema de investigaci&#xF3;n se abord&#xF3; desde una visi&#xF3;n interpretativa bajo el m&#xE9;todo cualitativo haciendo uso de t&#xE9;cnicas como: la entrevista individual y grupal. La informaci&#xF3;n suministrada durante el proceso permiti&#xF3; conocer c&#xF3;mo es entendida la comunicaci&#xF3;n dentro de la Extensi&#xF3;n y cu&#xE1;les son los aspectos que se deben tener en cuenta para la formulaci&#xF3;n de las bases para la pol&#xED;tica de comunicaci&#xF3;n al servicio de la Extensi&#xF3;n en la Universidad de Antioquia.</subfield>
  </datafield>
  <datafield tag="610" ind1="2" ind2="4">
    <subfield code="a">Universidad de Antioquia.</subfield>
    <subfield code="b">Vicerrector&#xED;a de Extensi&#xF3;n</subfield>
    <subfield code="9">825087</subfield>
  </datafield>
  <datafield tag="650" ind1=" " ind2=" ">
    <subfield code="a">Universidad de Antioquia. Extensi&#xF3;n universitaria</subfield>
    <subfield code="9">46412</subfield>
  </datafield>
  <datafield tag="650" ind1=" " ind2=" ">
    <subfield code="a">Comunicacion social - Colombia</subfield>
    <subfield code="9">173785</subfield>
  </datafield>
  <datafield tag="650" ind1=" " ind2=" ">
    <subfield code="a">Pol&#xED;tica de comunicacion - Colombia</subfield>
    <subfield code="9">48346</subfield>
  </datafield>
  <datafield tag="650" ind1=" " ind2=" ">
    <subfield code="a">Proceso de comunicaci&#xF3;n</subfield>
    <subfield code="9">5196</subfield>
  </datafield>
  <datafield tag="650" ind1=" " ind2="7">
    <subfield code="a">Comunicaci&#xF3;n en administraci&#xF3;n</subfield>
    <subfield code="2">lemb</subfield>
    <subfield code="9">35175</subfield>
  </datafield>
  <datafield tag="650" ind1=" " ind2=" ">
    <subfield code="a">Comunicacion en la universidad</subfield>
    <subfield code="9">145760</subfield>
  </datafield>
  <datafield tag="700" ind1="1" ind2="0">
    <subfield code="a">Palacios Cuesta, Nelfa Yulisa</subfield>
    <subfield code="4">aut</subfield>
    <subfield code="e">aut</subfield>
    <subfield code="9">640024</subfield>
  </datafield>
  <datafield tag="700" ind1="1" ind2="0">
    <subfield code="a">Vivas L&#xF3;pez, Mar&#xED;a Helena</subfield>
    <subfield code="4">ths</subfield>
    <subfield code="e">ths</subfield>
    <subfield code="9">522344</subfield>
  </datafield>
  <datafield tag="700" ind1="1" ind2="0">
    <subfield code="a">Giraldo Castro, Carlos Augusto</subfield>
    <subfield code="4">ths</subfield>
    <subfield code="e">ths</subfield>
    <subfield code="9">294530</subfield>
  </datafield>
  <datafield tag="942" ind1=" " ind2=" ">
    <subfield code="c">TESIS</subfield>
  </datafield>
  <datafield tag="999" ind1=" " ind2=" ">
    <subfield code="c">616601</subfield>
    <subfield code="d">616601</subfield>
  </datafield>
  <datafield tag="502" ind1=" " ind2=" ">
    <subfield code="b">119</subfield>
    <subfield code="c">13</subfield>
  </datafield>
  <datafield tag="526" ind1=" " ind2=" ">
    <subfield code="a">120</subfield>
  </datafield>
  <datafield tag="952" ind1=" " ind2=" ">
    <subfield code="0">0</subfield>
    <subfield code="1">0</subfield>
    <subfield code="4">0</subfield>
    <subfield code="7">0</subfield>
    <subfield code="8">TESDIGBC</subfield>
    <subfield code="a">BC</subfield>
    <subfield code="b">BC</subfield>
    <subfield code="d">2012-05-29</subfield>
    <subfield code="e">Material adquirido por donaci&#xF3;n</subfield>
    <subfield code="i">C1145484</subfield>
    <subfield code="l">0</subfield>
    <subfield code="o">301.16 C958 CD-ROM</subfield>
    <subfield code="p">0758236</subfield>
    <subfield code="r">2023-05-01 00:00:00</subfield>
    <subfield code="t">1</subfield>
    <subfield code="w">2023-05-01</subfield>
    <subfield code="y">DIGITAL</subfield>
  </datafield>
</record>
